Murie
Saved in:
| Main Author | |
|---|---|
| Format | Electronic eBook |
| Language | Czech |
| Published |
Canc
2023
|
| Edition | 1. elektronické vydání |
| Subjects | |
| Online Access | Dostupné v BOOKPORT po přihlášení pomocí eduID |
| ISBN | 978-80-88488-28-6 978-80-88488-27-9 |
| Physical Description | 1 online zdroj (140 stran) |
| LEADER | 00000nam a2200000 i 4500 | ||
|---|---|---|---|
| 001 | bkp886046733 | ||
| 003 | CZ-prgp | ||
| 005 | 20231214160630.0 | ||
| 006 | m o d | ||
| 007 | cr cn | ||
| 008 | 231214s2023 xr o 000 1 cze | ||
| 020 | |a 978-80-88488-28-6 |c 275 Kč |q (online ; pdf) | ||
| 020 | |a 978-80-88488-27-9 |c 550 Kč |q (print) | ||
| 040 | |a Grada |b cze |e rda | ||
| 100 | 1 | |a Rosana, Zvelebilová | |
| 245 | 1 | 0 | |a Murie |c Zvelebilová Rosana |
| 250 | |a 1. elektronické vydání | ||
| 264 | 1 | |b Canc |c 2023 | |
| 300 | |a 1 online zdroj (140 stran) | ||
| 336 | |a text |b txt |2 rdacontent | ||
| 337 | |a počítač |b c |2 rdamedia | ||
| 338 | |a online zdroj |b cr |2 rdacarrier | ||
| 520 | 3 | |a Osmnáctiletý sebevrah Formánek nastupuje na povinnou vojenskou službu s vědomím, že nepřežije ani první bitvu. Při výcviku zjistí, že Ruslandsko neválčí s rebely nebo jiným státem, ale s nelidskými obludami. Nikdo vojákům pořádně nevysvětlí důvod konfliktu a s nepřítelem se nedá komunikovat. Prostě ideální příležitost konečně zemřít. Potom ale Formánek potkává Madam a najednou má pro co, tedy pro koho žít. Sotva se mu začne trochu dařit, nakazí se Murií, jednou z nejnebezpečnějších oblud, a rozjede se s ním kolo marnosti a beznaděje. "Jenom umřít" by bylo ještě dobré. Celobarevný sci-fi polokomiks podle povídky "Murie", která zvítězila v soutěži Daidalos 2020. | |
| 650 | 0 | 4 | |a Sci-fi, fantasy |
| 856 | 4 | 0 | |u https://www.bookport.cz/AccountSaml/SignIn/?idp=https://shibboleth.utb.cz/idp/shibboleth&returnUrl=/kniha/murie-12319/ |y Dostupné v BOOKPORT po přihlášení pomocí eduID |